000 00583nam a22002177a 4500
003 UA-OsUOA
001 102574
007 ta
008 20130923b un ||||| |||| 00| 0 ukr d
100 _aМакина А.В.
090 _a101
_bМ15
942 _cSA
040 _aUA-OsUOA
_bukr
_cUA-OsUOA
_dUA-OsUOA
245 _aМузыкальное время: философско-эстктические и музыковедческие концепции ХХ века
300 _aС.73-80
955 _a0
041 _aukr
080 _a101
773 0 _w102572
650 7 _2UDC
999 _c388780
_d388780